Central Library and Information Centre
Sibsagar Girls' College, Sivasagar : Assam

EMPOLYEES STATE INSURANCE CO . -LOWER DIVISION CLERKS & STENOGRAPHERS RECRUITMENT EXAM (Record no. 13564)

MARC details
000 -LEADER
fixed length control field 00462cam a2200181ua 4500
008 - FIXED-LENGTH DATA ELEMENTS--GENERAL INFORMATION
fixed length control field 141208n2006 II |||gr||||Z||||||eng
040 ## - CATALOGING SOURCE
Original cataloging agency MAIN
041 ## - LANGUAGE CODE
-- English
082 ## - DEWEY DECIMAL CLASSIFICATION NUMBER
Classification number 080 LAL
100 ## - MAIN ENTRY--PERSONAL NAME
Personal name LAL.
245 ## - TITLE STATEMENT
Title EMPOLYEES STATE INSURANCE CO . -LOWER DIVISION CLERKS & STENOGRAPHERS RECRUITMENT EXAM
260 ## - PUBLICATION, DISTRIBUTION, ETC.
Place of publication, distribution, etc. AGRA
Name of publisher, distributor, etc. UPKAR PUBLICATION
Date of publication, distribution, etc. 2006
300 ## - PHYSICAL DESCRIPTION
Extent 1-P.
700 ## - ADDED ENTRY--PERSONAL NAME
Personal name JAIN.
942 ## - ADDED ENTRY ELEMENTS (KOHA)
Koha item type Books
653 ## - INDEX TERM--UNCONTROLLED
Uncontrolled term General collections
Holdings
Withdrawn status Lost status Damaged status Not for loan Collection code Home library Current library Shelving location Date acquired Full call number Barcode Date last seen Copy number Price effective from Koha item type
        General Reference Central Library and Information Centre Sibsagar Girls College Central Library and Information Centre Sibsagar Girls College Competitive Exam Book 08.04.2007 080 LAL 22508 27.02.2020 1 27.02.2020 Books


Sibsagar Girl's College © 2020. All rights reserved.
Powered by Koha.
Maintained by Abhijit Borpuzari.